000
00319nam a2200133Ia 4500
005
20251222155059.0
008
251222s9999||||xx |||||||||||||| ||spa||
082
_a
SOC.43
100
_a
MUÑOZ CABREJO,Fanni.
245
0
_a
Diversiones públicas en Lima 1890-1920
250
_a
1ra. ed.
264
_b
IEP
942
_c
LIB
999
_c
37595
_d
37595